[Event "NOR-ch Youth 2019"]
[Site "Skien"]
[Date "2019.11.10"]
[Round "6.13"]
[White "Tunsjo, Axel"]
[Black "Eliseev, Sergey"]
[Result "1/2-1/2"]
[WhiteElo "2038"]
[BlackElo "1911"]
[Annotator "NA RC"]
[PlyCount "46"]
[EventDate "2019.11.08"]
[EventType "swiss"]
[EventCountry "NOR"]
[SourceTitle "playchess.com"]
[Source "ChessBase"]
[SourceQuality "1"]
[TimeControl "5400+30"]

{[%evp 25,46,110,125,73,113,72,90,17,12,7,14,0,0,0,0,-8,-11,-10,-8,-13,-10,-12,-6]} 1. e4 {[%emt 0:00:00]} c5 {[%emt 0:00:00]} 2. a3 {[%emt 0:00:00]} Nc6 {[%emt 0:06:52]} 3. Nf3 {[%emt 0:00:31]} Nf6 {[%emt 0:07:04]} (3... g6 4. Bc4 Bg7 5. Nc3 e6 6. O-O Nge7 7. d3 O-O 8. Bf4 d5 9. Ba2 a6 10. Qc1 Nd4 11. Nxd4 cxd4 {1-0 (53) Boros,D (2457)-Blit,J (2374) chess.com INT 2018}) 4. Nc3 {[%emt 0:00:14]} d5 {[%emt 0:07:29]} 5. exd5 {[%emt 0:00:10]} Nxd5 {[%emt 0:00:05]} 6. Bb5 {[%emt 0:00:07] B30: Sicilian: 2...Nc6 3 Bb5, lines without ...g6} Nxc3 {[%emt 0:04:01]} 7. Bxc6+ {[%emt 0:01:23]} bxc6 {[%emt 0:00:39]} 8. bxc3 {[%emt 0:00:04]} Qd5 $146 {[%emt 0:07:39]} ({Predecessor:} 8... c4 9. O-O Qd5 10. Re1 {0-1 (54) Steer,J (1937)-Andersen,S (2115) Budapest 2013}) 9. Qe2 {[%emt 0:08:38]} Be6 {[%emt 0:17:45]} 10. O-O {[%emt 0:11:18]} g5 {[%emt 0:12:43]} 11. d3 {[%emt 0:04:15]} g4 {[%emt 0:10:16]} 12. Ng5 {[%emt 0:01:41]} Bg7 {[%emt 0:06:14]} 13. c4 {[%emt 0:14:37]} Qe5 {[%emt 0:01:02]} 14. Qxe5 {[%emt 0:01:06]} ({White should try} 14. Be3) 14... Bxe5 {[%emt 0:00:01]} 15. Rb1 {[%emt 0:00:11]} Bf5 {[%emt 0:02:48]} 16. Re1 {[%emt 0:05:07]} (16. f3 $16) 16... Bc3 {[%emt 0:02:27]} 17. Re2 {[%emt 0:01:58]} O-O {[%emt 0:06:28]} 18. Rxe7 {[%emt 0:02:33]} Rfe8 {[%emt 0:00:25]} 19. Rxe8+ {[%emt 0:04:21]} Rxe8 {[%emt 0:00:01]} 20. Be3 {[%emt 0:01:01]} f6 {[%emt 0:00:14]} 21. Ne4 {[%emt 0:01:19]} Bxe4 {[%emt 0:00:02]} 22. dxe4 {[%emt 0:00:07]} Rxe4 {[%emt 0:00:22]} 23. Bxc5 {[%emt 0:00:23]} a6 $11 {[%emt 0:00:17]} 1/2-1/2

[Event "NOR-ch Youth 2019"]
[Site "Skien"]
[Date "2019.11.10"]
[Round "6.14"]
[White "Solaas, Timian Martinius Man"]
[Black "Nordquelle, Amelia"]
[Result "0-1"]
[WhiteElo "1796"]
[BlackElo "1670"]
[Annotator "NA RC"]
[PlyCount "94"]
[EventDate "2019.11.08"]
[EventType "swiss"]
[EventCountry "NOR"]
[SourceTitle "playchess.com"]
[Source "ChessBase"]
[SourceQuality "1"]
[TimeControl "5400+30"]

1. e4 {[%emt 0:00:00]} c5 {[%emt 0:00:22]} 2. Nf3 {[%emt 0:00:00]} d6 {[%emt 0:00:45]} 3. Bb5+ {[%emt 0:00:00]} Bd7 {[%emt 0:00:24]} 4. Bxd7+ {[%emt 0:00:00]} Nxd7 {[%emt 0:00:34]} 5. O-O {[%emt 0:00:45]} g6 {[%emt 0:01:42]} 6. c3 {[%emt 0:04:29]} c4 {[%emt 0:02:41]} 7. b3 {[%emt 0:13:13]} Nc5 {[%emt 0:04:15]} 8. bxc4 {[%emt 0:06:02]} Nxe4 {[%emt 0:01:03]} 9. d3 {[%emt 0:02:39]} Nc5 {[%emt 0:02:49]} 10. d4 {[%emt 0:01:26]} Ne4 {[%emt 0:00:42]} 11. Qd3 {[%emt 0:01:36]} f5 {[%emt 0:02:01]} 12. d5 {[%emt 0:10:53]} Bg7 {[%emt 0:03:35]} 13. Nd4 {[%emt 0:03:17]} Nc5 {[%emt 0:02:57]} 14. Qe2 {[%emt 0:02:22]} Nf6 {[%emt 0:02:12]} 15. f3 {[%emt 0:08:52]} Nfd7 {[%emt 0:06:39]} 16. Ba3 {[%emt 0:03:49]} O-O {[%emt 0:18:32]} 17. Nd2 {[%emt 0:07:54]} Na4 {[%emt 0:10:32]} 18. Qd3 {[%emt 0:12:22]} Ndc5 {[%emt 0:09:44]} 19. Bxc5 {[%emt 0:01:45]} Nxc5 {[%emt 0:00:31]} 20. Qe2 {[%emt 0:01:17]} Qa5 {[%emt 0:11:28]} 21. Rfc1 {[%emt 0:02:12]} Na4 {[%emt 0:07:51]} 22. N2b3 {[%emt 0:05:12]} Qb6 {[%emt 0:01:51]} 23. Qd3 {[%emt 0:05:38]} Rac8 {[%emt 0:03:25]} 24. Rab1 {[%emt 0:01:04]} Rfe8 {[%emt 0:00:55]} 25. Kh1 {[%emt 0:00:41]} Qa6 {[%emt 0:00:53]} 26. Nd2 {[%emt 0:02:39]} Nb6 {[%emt 0:01:19]} 27. Nb5 {[%emt 0:00:46]} Bh6 {[%emt 0:00:32]} 28. Re1 {[%emt 0:02:00]} Qxa2 {[%emt 0:01:45]} 29. Nb3 {[%emt 0:00:58]} Rxc4 {[%emt 0:01:10]} 30. Nxd6 {[%emt 0:00:28]} exd6 {[%emt 0:01:05]} 31. Rxe8+ {[%emt 0:00:02]} Kf7 {[%emt 0:00:16]} 32. Rbe1 {[%emt 0:00:37]} Bg5 {[%emt 0:00:49]} 33. Nc1 {[%emt 0:00:55]} Bxc1 {[%emt 0:00:32]} 34. R1e7+ {[%emt 0:00:34]} Kf6 {[%emt 0:00:09]} 35. f4 {[%emt 0:00:29]} Rxf4 {[%emt 0:00:15]} 36. Re6+ {[%emt 0:00:14]} Kg5 {[%emt 0:00:12]} 37. Qg3+ {[%emt 0:00:26]} Rg4 {[%emt 0:00:22]} 38. h4+ {[%emt 0:00:28]} Kh6 {[%emt 0:00:35]} 39. Qh3 {[%emt 0:00:13]} Qf2 {[%emt 0:00:18]} 40. Re2 {[%emt 0:01:09]} Qf1+ {[%emt 0:00:39]} 41. Kh2 {[%emt 0:00:06]} Bf4+ {[%emt 0:00:39]} 42. g3 {[%emt 0:00:09]} Bxg3+ {[%emt 0:00:25]} 43. Qxg3 {[%emt 0:00:09]} Rxg3 {[%emt 0:00:12]} 44. Kxg3 {[%emt 0:00:35]} Nxd5 {[%emt 0:00:20]} 45. Re1 {[%emt 0:00:36]} f4+ {[%emt 0:00:27]} 46. Kh2 {[%emt 0:00:17]} Qf2+ {[%emt 0:00:13]} 47. Kh3 {[%emt 0:00:36]} Qg3# {[%emt 0:00:05]} 0-1

[Event "NOR-ch Youth 2019"]
[Site "Skien"]
[Date "2019.11.10"]
[Round "6.15"]
[White "Lye, Sverre"]
[Black "Kvaloy, Aksel Bu"]
[Result "1-0"]
[WhiteElo "1779"]
[BlackElo "2209"]
[Annotator "TA"]
[PlyCount "143"]
[EventDate "2019.11.08"]
[EventType "swiss"]
[EventCountry "NOR"]
[SourceTitle "playchess.com"]
[Source "ChessBase"]
[SourceQuality "1"]

{[%evp 12,143,18,18,18,11,17,12,15,1,-11,-16,10,2,2,10,10,10,29,3,18,20,141,137,215,220,229,210,216,206,228,171,211,60,58,31,109,22,228,134,154,138,183,140,317,276,266,211,215,213,277,289,272,280,277,275,275,278,285,275,302,277,331,315,391,370,424,404,423,391,427,342,329,32,472,480,471,475,475,457,434,350,567,557,568,555,551,512,660,660,724,693,1764,1696,1764,1436,2698,1829,1973,1609,1357,1411,2476,9246,5297,6307,5081,2343,29974,29974,7524,29943,29966,12809,29977,29978,29978,29979,29978,29979,29988,29989,29990,29991,29990,29991,29991,29992,29993,29992,29992,29991,29991,29992]} 1. e4 c5 2. Nf3 d6 3. Bb5+ Nd7 4. c3 Ngf6 5. Qe2 a6 6. Ba4 b5 7. Bc2 g6 {B51: Sicilian: Moscow Variation (3 Bb5+) without 3...Bd7} 8. O-O Bg7 9. d4 Bb7 {The position is equal.} 10. Bg5 (10. e5 dxe5 11. dxe5 Bxf3 12. gxf3 Nd5 13. e6 N7f6 14. c4 bxc4 15. exf7+ Kxf7 {0-1 (31) Mamedov,R (2701)-Nepomniachtchi,I (2771) Astana 2019}) 10... O-O 11. Nbd2 e5 12. d5 $146 ({Predecessor:} 12. dxe5 dxe5 13. a4 Bc6 14. Rfd1 {0-1 (38) Waschk,A-Glienke,M (2260) Germany 1994}) 12... h6 13. Bxf6 Nxf6 14. a4 Qd7 15. Nb3 Nh5 16. g3 Bc8 (16... Qg4 $11 {remains equal.}) 17. axb5 $16 Qh3 (17... Qb7 $16) 18. Nfd2 $18 f5 {Now ...f4 and Black clings on.} 19. exf5 ({But not} 19. bxa6 $6 f4 $16) 19... gxf5 20. f3 ({Don't do} 20. bxa6 $6 e4) 20... Bb7 21. bxa6 Bxd5 22. c4 $2 (22. Na5 $18) 22... Bc6 23. Qg2 Qxg2+ 24. Kxg2 {next a7 is good for White.} Rae8 $2 (24... Ra7 $11 {and Black is okay.}) 25. Ra2 (25. a7 $18) 25... Rf7 26. Kg1 $36 {[%mdl 2048] White is in control.} Bf8 27. Rfa1 d5 $2 (27... e4 $16) 28. a7 Ra8 29. Ra6 Bb7 30. Rb6 {And now Bxf5! would win.} dxc4 31. Nxc4 Bd5 32. Nbd2 Raxa7 33. Rxa7 Rxa7 34. Bxf5 Ng7 35. Be4 Bxe4 36. fxe4 Rd7 37. Rxh6 Be7 {intending ...Bg5.} 38. Rc6 Rd4 39. Rc8+ Kh7 40. Kf2 Bg5 41. Ke2 Ne6 42. Rc6 $2 (42. Re8 $18 Bxd2 43. Nxd2) 42... Nf8 $2 {[%mdl 8192]} ({Black should play} 42... Rxd2+ $14 43. Nxd2 Nd4+ {[%mdl 64] Double Attack} 44. Kd3 Nxc6) 43. Rd6 Kg7 44. Rxd4 exd4 {[%mdl 4096] Endgame KBN-KNN} 45. Nb3 Be7 46. Kd3 Nd7 $2 (46... Kf6 {was called for.} 47. Nba5 Ne6) 47. e5 Kf7 48. Ke4 Ke6 49. h3 Bf8 50. Nc1 Bg7 51. Nd3 Bh8 52. Nf4+ Ke7 53. Ng6+ {[%mdl 64] [#] Double Attack} Kf7 54. Nxh8+ Kg7 55. Kd5 d3 56. Ke4 Kxh8 57. Kxd3 {KN-KN} Kg7 58. Ke4 Kf7 59. Kd5 {[#] e6+ would kill now.} Ke7 60. h4 Nb8 61. Kxc5 Ke6 62. b4 (62. h5 $142 Na6+ 63. Kd4 Kf5 64. h6 Kg6 65. e6 Nc7 66. e7 Ne8 67. b4) 62... Nd7+ 63. Kd4 {White mates.} Nb8 64. b5 Nd7 65. g4 Nb8 66. Nb6 Kf7 67. Kd5 Ke7 68. h5 Kf7 69. g5 Ke7 70. h6 Kf7 71. Kd6 Kg6 72. e6 {Accuracy: White = 64%, Black = 28%.} 1-0

[Event "NOR-ch Youth 2019"]
[Site "Skien"]
[Date "2019.11.10"]
[Round "6.16"]
[White "Olsen, William Alexander"]
[Black "Digernes, Mikael"]
[Result "1-0"]
[WhiteElo "1842"]
[BlackElo "1715"]
[Annotator "NA RC"]
[PlyCount "99"]
[EventDate "2019.11.08"]
[EventType "swiss"]
[EventCountry "NOR"]
[SourceTitle "playchess.com"]
[Source "ChessBase"]
[SourceQuality "1"]
[TimeControl "5400+30"]

{[%evp 38,99,53,23,33,29,38,0,12,0,0,-40,-6,-6,24,20,43,27,39,11,27,5,75,-8,110,130,135,0,0,0,191,32767,32767,47,743,320,231,269,516,551,913,779,884,909,761,1143,637,4594,4710,12848,5501,12840,5057,1847,12845,29991,29984,29990,29990,29990,12849,29991,29991,29992]} 1. c4 {[%emt 0:00:00]} Nf6 {[%emt 0:00:00]} 2. Nf3 {[%emt 0:00:00]} g6 {[%emt 0:00:00]} 3. g3 {[%emt 0:00:00]} Bg7 {[%emt 0:00:07]} 4. Bg2 {[%emt 0:00:00]} d6 {[%emt 0:00:23]} 5. O-O {[%emt 0:00:53]} O-O {[%emt 0:00:17]} 6. Nc3 {[%emt 0:00:20]} Nc6 {[%emt 0:00:50]} 7. e3 {[%emt 0:01:28]} a6 {[%emt 0:01:07]} 8. d4 {[%emt 0:01:19]} Rb8 {[%emt 0:01:15]} 9. a4 {[%emt 0:06:39] E63: King's Indian: Fianchetto: Panno Variation with 7...a6} (9. Qe2 b5 10. Rd1 e6 11. b3 bxc4 12. Qxc4 Nb4 13. a3 Nbd5 14. Ne2 Bd7 15. Qc2 Bb5 16. Re1 c5 {½-½ (48) Tomashevsky,E (2702)-Nakamura,H (2780) Palma de Mallorca 2017}) 9... Bf5 {[%emt 0:05:42]} 10. Re1 {[%emt 0:04:25]} Ne4 $146 {[%emt 0:03:32]} ({Predecessor:} 10... e5 11. Nh4 Bg4 12. f3 Bd7 13. d5 Na5 14. Bf1 c5 15. e4 Qb6 16. Ra3 {0-1 (37) Kosovac,M (2039)-Ivanovic,N (2227) Belgrade 2011}) 11. Nh4 {[%emt 0:07:20]} Nxc3 {[%emt 0:03:19]} 12. bxc3 {[%emt 0:00:03]} Bd7 {[%emt 0:03:47]} 13. a5 {[%emt 0:02:26]} e5 {[%emt 0:04:04]} 14. d5 {[%emt 0:06:26]} Ne7 {[%emt 0:02:30]} 15. e4 {[%emt 0:00:10]} f5 {[%emt 0:06:58]} 16. Bg5 {[%emt 0:01:53]} Qe8 {[%emt 0:09:16]} 17. Qd2 {[%emt 0:01:56]} fxe4 {[%emt 0:16:25]} 18. Bxe4 {[%emt 0:00:38]} Nf5 {[%emt 0:00:20]} 19. Ng2 {[%emt 0:20:04]} Qf7 {[%emt 0:07:25]} 20. Rf1 {[%emt 0:01:49]} Bf6 {[%emt 0:06:38]} 21. Bxf6 {[%emt 0:04:43]} Qxf6 {[%emt 0:00:09]} 22. f4 {[%emt 0:00:19]} Rbe8 {[%emt 0:03:01]} 23. Rae1 {[%emt 0:00:31]} Qg7 {[%emt 0:02:26]} 24. g4 {[%emt 0:10:08]} Ne7 {[%emt 0:07:01]} 25. h3 {[%emt 0:00:53]} h5 {[%emt 0:01:56]} 26. gxh5 {[%emt 0:02:01]} (26. fxe5 $5 {[%cal Re5e6]} Rxf1+ 27. Rxf1 Qxe5 28. Qf2 $14) 26... Bxh3 {[%emt 0:01:22]} 27. fxe5 {[%emt 0:03:39]} gxh5 {[%emt 0:06:39]} 28. exd6 {[%emt 0:03:31]} cxd6 {[%emt 0:00:15]} 29. Qd3 {[%emt 0:00:54]} Bg4 {[%emt 0:02:15] [#]} (29... Rxf1+ $11 30. Rxf1 Bxg2 31. Bxg2 Ng6) 30. Qg3 {[%emt 0:01:44]} (30. c5 $1 $14 {[%mdl 512]}) 30... Rf6 {[%emt 0:02:21]} (30... Rxf1+ $11 31. Rxf1 Be2 32. Qxg7+ Kxg7) 31. Rxf6 {[%emt 0:03:59]} Qxf6 {[%emt 0:00:02]} 32. Nf4 {[%emt 0:00:29]} (32. Rf1 $16 Qh6 33. c5) 32... Kh8 {[%emt 0:00:31]} 33. Bg2 {[%emt 0:00:59]} Rg8 $11 {[%emt 0:01:20]} (33... Rf8 $2 {[%emt 0:01:15]}) 34. Qf2 {[%emt 0:00:48]} Rf8 {[%emt 0:01:02]} 35. c5 {[%emt 0:04:06] Remove Defender, Decoy} Qg5 $2 {[%emt 0:02:24]} (35... Kg8 $14) 36. Qd4+ {[%emt 0:00:35]} (36. cxd6 $142 Ng8 {[#]} 37. Ng6+ $1 {[%mdl 512]} Qxg6 38. Qxf8) 36... Kg8 {[%emt 0:00:34]} 37. cxd6 {[%emt 0:01:16]} Nf5 $2 {[%emt 0:00:38]} (37... Ng6 38. Nxg6 Qxg6) 38. Qe5 {[%emt 0:00:18]} Qd8 {[%emt 0:00:33]} 39. Ne6 {[%emt 0:00:15]} Qxd6 {[%emt 0:00:34]} 40. Nxf8 {[%emt 0:00:26]} Qxe5 {[%emt 0:00:16]} 41. Rxe5 {[%emt 0:00:16]} Kxf8 {[%emt 0:00:15] [#]} 42. Bf3 $1 {[%emt 0:00:37]} Nd6 {[%emt 0:00:52]} 43. Bxg4 {[%emt 0:00:36]} hxg4 {[%emt 0:00:17]} 44. Re6 {[%emt 0:00:25]} Nb5 {[%emt 0:00:21]} 45. c4 {[%emt 0:00:19]} (45. d6 $142 Kf7 {[#]} 46. d7 $1 {[%mdl 512]} Kxe6 47. d8=Q) 45... Na3 {[%emt 0:00:56]} 46. d6 {[%emt 0:00:25]} Kf7 {[%emt 0:00:29]} 47. Re4 {[%emt 0:00:15]} Nxc4 {[%emt 0:00:31]} 48. Rxc4 {[%emt 0:00:12]} Ke6 {[%emt 0:00:06]} 49. Rd4 {[%emt 0:00:04]} Kd7 {[%emt 0:00:13]} 50. Kg2 {[%emt 0:00:04]} 1-0

[Event "NOR-ch Youth 2019"]
[Site "Skien"]
[Date "2019.11.10"]
[Round "6.17"]
[White "Steensen, Oskar"]
[Black "Strand, Vetle Bjorge"]
[Result "0-1"]
[WhiteElo "1457"]
[BlackElo "1695"]
[Annotator "NA RC"]
[PlyCount "116"]
[EventDate "2019.11.08"]
[EventType "swiss"]
[EventCountry "NOR"]
[SourceTitle "playchess.com"]
[Source "ChessBase"]
[SourceQuality "1"]
[TimeControl "5400+30"]

1. Nf3 {[%emt 0:00:00]} d5 {[%emt 0:00:36]} 2. g3 {[%emt 0:00:00]} Bf5 {[%emt 0:00:10]} 3. d3 {[%emt 0:00:11]} Nf6 {[%emt 0:00:08]} 4. Bg2 {[%emt 0:00:06]} e6 {[%emt 0:00:05]} 5. O-O {[%emt 0:00:24]} c5 {[%emt 0:00:51]} 6. b3 {[%emt 0:00:51]} Nc6 {[%emt 0:00:06]} 7. Bb2 {[%emt 0:00:07]} Be7 {[%emt 0:00:12]} 8. Nbd2 {[%emt 0:00:09]} O-O {[%emt 0:01:20]} 9. Nh4 {[%emt 0:01:47]} Bg6 {[%emt 0:00:26]} 10. Nxg6 {[%emt 0:00:09]} hxg6 {[%emt 0:00:15]} 11. c4 {[%emt 0:01:05]} Qd7 {[%emt 0:12:16]} 12. Rc1 {[%emt 0:01:07]} d4 {[%emt 0:01:37]} 13. Ne4 {[%emt 0:03:13]} Nxe4 {[%emt 0:03:05]} 14. dxe4 {[%emt 0:03:35]} e5 {[%emt 0:04:13]} 15. e3 {[%emt 0:03:33]} Rad8 {[%emt 0:04:15]} 16. Qe2 {[%emt 0:01:31]} Bd6 {[%emt 0:28:22]} 17. f4 {[%emt 0:05:00]} f6 {[%emt 0:06:46]} 18. f5 {[%emt 0:03:40]} Qf7 {[%emt 0:05:07]} 19. exd4 {[%emt 0:00:44]} exd4 {[%emt 0:00:45]} 20. e5 {[%emt 0:00:58]} Bxe5 {[%emt 0:01:21]} 21. Bd5 {[%emt 0:00:11]} Rxd5 {[%emt 0:00:16]} 22. fxg6 {[%emt 0:00:35]} Qxg6 {[%emt 0:01:11]} 23. cxd5 {[%emt 0:00:15]} Nb4 {[%emt 0:03:32]} 24. Rf3 {[%emt 0:04:32]} b6 {[%emt 0:03:13]} 25. d6 {[%emt 0:09:44]} Qf7 {[%emt 0:02:45]} 26. Qc4 {[%emt 0:01:40]} Qxc4 {[%emt 0:00:56]} 27. bxc4 {[%emt 0:01:09]} Bxd6 {[%emt 0:01:10]} 28. Rf5 {[%emt 0:02:59]} Be5 {[%emt 0:05:31]} 29. Rd1 {[%emt 0:04:37]} Nc6 {[%emt 0:05:00]} 30. Rf3 {[%emt 0:04:22]} Rd8 {[%emt 0:03:08]} 31. Kf2 {[%emt 0:04:58]} Kf7 {[%emt 0:00:15]} 32. Ba3 {[%emt 0:07:33]} Ke6 {[%emt 0:01:12]} 33. Re1 {[%emt 0:12:50]} Na5 {[%emt 0:02:10]} 34. Ke2 {[%emt 0:20:50]} Nxc4 {[%emt 0:00:30]} 35. Rc1 {[%emt 0:00:45]} Kd5 {[%emt 0:00:47]} 36. Rd1 {[%emt 0:00:41]} Re8 {[%emt 0:00:30]} 37. Kf2 {[%emt 0:00:32]} b5 {[%emt 0:01:07]} 38. Bc1 {[%emt 0:00:21]} a5 {[%emt 0:00:45]} 39. Rb3 {[%emt 0:00:43]} Nd6 {[%emt 0:00:56]} 40. Kf3 {[%emt 0:01:03]} c4 {[%emt 0:00:43]} 41. Rb2 {[%emt 0:00:55]} c3 {[%emt 0:01:35]} 42. Rb3 {[%emt 0:00:21]} Kc4 {[%emt 0:00:35]} 43. Bf4 {[%emt 0:01:09]} Bxf4 {[%emt 0:00:37]} 44. gxf4 {[%emt 0:00:10]} a4 {[%emt 0:00:22]} 45. Rbb1 {[%emt 0:00:14]} c2 {[%emt 0:00:00]} 46. Rbc1 {[%emt 0:00:06]} Kc3 {[%emt 0:01:07]} 47. h4 {[%emt 0:00:18]} d3 {[%emt 0:00:11]} 48. f5 {[%emt 0:01:04]} d2 {[%emt 0:00:09]} 49. h5 {[%emt 0:00:12]} dxc1=Q {[%emt 0:00:20]} 50. Rxc1 {[%emt 0:00:29]} Kd2 {[%emt 0:00:05]} 51. h6 {[%emt 0:00:16]} gxh6 {[%emt 0:00:02]} 52. a3 {[%emt 0:00:16]} Kxc1 {[%emt 0:00:18]} 53. Kg4 {[%emt 0:00:21]} Kd2 {[%emt 0:00:08]} 54. Kf3 {[%emt 0:00:09]} c1=Q {[%emt 0:00:09]} 55. Kg4 {[%emt 0:00:07]} Qg1+ {[%emt 0:00:10]} 56. Kf4 {[%emt 0:00:11]} Re4+ {[%emt 0:00:20]} 57. Kf3 {[%emt 0:00:08]} Qg4+ {[%emt 0:00:09]} 58. Kf2 {[%emt 0:00:08]} Rf4# {[%emt 0:00:20]} 0-1

[Event "NOR-ch Youth 2019"]
[Site "Skien"]
[Date "2019.11.10"]
[Round "6.19"]
[White "Khoo-Thwe, Louis"]
[Black "Ostensen, Nicolai Maxime"]
[Result "1-0"]
[WhiteElo "1660"]
[BlackElo "1691"]
[Annotator "NA RC"]
[PlyCount "47"]
[EventDate "2019.11.08"]
[EventType "swiss"]
[EventCountry "NOR"]
[SourceTitle "playchess.com"]
[Source "ChessBase"]
[SourceQuality "1"]
[TimeControl "5400+30"]

1. e4 {[%emt 0:00:00]} c5 {[%emt 0:00:20]} 2. Nf3 {[%emt 0:00:00]} e6 {[%emt 0:01:06]} 3. d4 {[%emt 0:00:01]} cxd4 {[%emt 0:00:04]} 4. Nxd4 {[%emt 0:00:08]} Nc6 {[%emt 0:00:14]} 5. Nc3 {[%emt 0:00:23]} Bc5 {[%emt 0:01:21]} 6. Ndb5 {[%emt 0:02:53]} a6 {[%emt 0:14:33]} 7. Nd6+ {[%emt 0:00:32]} Bxd6 {[%emt 0:00:09]} 8. Qxd6 {[%emt 0:00:05]} Qe7 {[%emt 0:00:30]} 9. Qg3 {[%emt 0:02:15]} f6 {[%emt 0:06:58]} 10. Bf4 {[%emt 0:01:19]} h5 {[%emt 0:08:49]} 11. Bd6 {[%emt 0:03:05]} Qf7 {[%emt 0:01:03]} 12. Na4 {[%emt 0:01:08]} h4 {[%emt 0:12:47]} 13. Qf4 {[%emt 0:01:42]} e5 {[%emt 0:03:50]} 14. Qd2 {[%emt 0:00:47]} Nge7 {[%emt 0:06:49]} 15. Nb6 {[%emt 0:00:38]} Ra7 {[%emt 0:00:12]} 16. Bc4 {[%emt 0:01:50]} Qg6 {[%emt 0:00:51]} 17. O-O-O {[%emt 0:00:29]} Qxe4 {[%emt 0:03:07]} 18. Bxe7 {[%emt 0:00:43]} Qf4 {[%emt 0:05:20]} 19. Qxf4 {[%emt 0:00:13]} exf4 {[%emt 0:00:08]} 20. Nxc8 {[%emt 0:00:20]} Ra8 {[%emt 0:00:07]} 21. Nb6 {[%emt 0:00:33]} Ra7 {[%emt 0:00:13]} 22. Rxd7 {[%emt 0:00:13]} Rh6 {[%emt 0:01:31]} 23. Re1 {[%emt 0:01:08]} Ne5 {[%emt 0:00:02]} 24. Bd6 {[%emt 0:00:19]} 1-0

[Event "NOR-ch Youth 2019"]
[Site "Skien"]
[Date "2019.11.10"]
[Round "6.20"]
[White "Brattgjerd, Isak Vinh"]
[Black "Tenfjord Engelsen, Teodor"]
[Result "1-0"]
[WhiteElo "1699"]
[BlackElo "1349"]
[Annotator "NA RC"]
[PlyCount "101"]
[EventDate "2019.11.08"]
[EventType "swiss"]
[EventCountry "NOR"]
[SourceTitle "playchess.com"]
[Source "ChessBase"]
[SourceQuality "1"]
[TimeControl "5400+30"]

1. d4 {[%emt 0:00:00]} d5 {[%emt 0:00:00]} 2. Bf4 {[%emt 0:00:44]} Nf6 {[%emt 0:00:00]} 3. e3 {[%emt 0:00:10]} c5 {[%emt 0:00:06]} 4. c3 {[%emt 0:00:12]} Nc6 {[%emt 0:00:07]} 5. Nf3 {[%emt 0:00:32]} Bf5 {[%emt 0:00:14]} 6. Bd3 {[%emt 0:00:34]} Bg6 {[%emt 0:00:49]} 7. Bxg6 {[%emt 0:04:07]} hxg6 {[%emt 0:00:35]} 8. Qb3 {[%emt 0:01:49]} Qd7 {[%emt 0:12:13]} 9. Nbd2 {[%emt 0:03:14]} e6 {[%emt 0:01:16]} 10. Rb1 {[%emt 0:06:53]} Nh5 {[%emt 0:01:55]} 11. Bg3 {[%emt 0:07:27]} Nxg3 {[%emt 0:03:13]} 12. fxg3 {[%emt 0:00:35]} cxd4 {[%emt 0:02:04]} 13. exd4 {[%emt 0:00:36]} Bd6 {[%emt 0:06:06]} 14. O-O {[%emt 0:02:17]} Qc7 {[%emt 0:10:27]} 15. Rfe1 {[%emt 0:07:50]} O-O-O {[%emt 0:16:25]} 16. Nf1 {[%emt 0:04:17]} Kb8 {[%emt 0:06:34]} 17. Qb5 {[%emt 0:01:32]} Qa5 {[%emt 0:00:30]} 18. Qd3 {[%emt 0:00:30]} Rc8 {[%emt 0:00:30]} 19. a3 {[%emt 0:00:30]} Qb6 {[%emt 0:00:30]} 20. Kh1 {[%emt 0:00:30]} Qc7 {[%emt 0:00:30]} 21. N3d2 {[%emt 0:00:30]} Ne7 {[%emt 0:00:30]} 22. Rec1 {[%emt 0:00:30]} Nf5 {[%emt 0:00:30]} 23. Kg1 {[%emt 0:00:30]} Qb6 {[%emt 0:00:30]} 24. b4 {[%emt 0:09:03]} Rc7 {[%emt 0:25:19]} 25. Nb3 {[%emt 0:03:37]} Rhc8 {[%emt 0:01:44]} 26. Nc5 {[%emt 0:04:48]} Qc6 {[%emt 0:01:00]} 27. Rb3 {[%emt 0:01:03]} Ka8 {[%emt 0:00:12]} 28. Rcb1 {[%emt 0:00:23]} b6 {[%emt 0:00:22]} 29. b5 {[%emt 0:02:45]} Qe8 {[%emt 0:00:30]} 30. Na4 {[%emt 0:00:20]} Qe7 {[%emt 0:00:42]} 31. Ra1 {[%emt 0:01:02]} Nh6 {[%emt 0:00:20]} 32. Nb2 {[%emt 0:00:34]} Ng8 {[%emt 0:00:21]} 33. a4 {[%emt 0:00:54]} Nf6 {[%emt 0:00:09]} 34. Nd2 {[%emt 0:02:20]} Kb8 {[%emt 0:02:12]} 35. Nd1 {[%emt 0:01:42]} e5 {[%emt 0:01:32]} 36. a5 {[%emt 0:01:46]} exd4 {[%emt 0:00:34]} 37. cxd4 {[%emt 0:01:19]} Rc1 {[%emt 0:00:48]} 38. Rbb1 {[%emt 0:02:26]} Rxb1 {[%emt 0:00:58]} 39. Rxb1 {[%emt 0:00:06]} bxa5 {[%emt 0:01:26]} 40. Nf2 {[%emt 0:07:42]} Bb4 {[%emt 0:00:35]} 41. Nf3 {[%emt 0:04:10]} Ne4 {[%emt 0:00:45]} 42. Ne5 {[%emt 0:00:38]} Ka8 {[%emt 0:02:39]} 43. Nxe4 {[%emt 0:04:19]} dxe4 {[%emt 0:00:21]} 44. Qxe4+ {[%emt 0:00:10]} Qb7 {[%emt 0:00:39]} 45. Nc6 {[%emt 0:01:11]} f5 {[%emt 0:02:19]} 46. Qd5 {[%emt 0:00:32]} Bc3 {[%emt 0:00:31]} 47. Rb3 {[%emt 0:00:57]} Bxd4+ {[%emt 0:00:18]} 48. Qxd4 {[%emt 0:00:18]} Rxc6 {[%emt 0:00:09]} 49. bxc6 {[%emt 0:00:10]} Qxb3 {[%emt 0:00:09]} 50. Qd8+ {[%emt 0:00:03]} Qb8 {[%emt 0:00:18]} 51. c7 {[%emt 0:00:04]} 1-0